Loreto College Library, Kolkata
WEBOPAC (ONLINE PUBLIC ACCESS CATALOGUE)

Advanced higher algebra (Record no. 44364)

MARC details
000 -LEADER
fixed length control field 00626nam a22002297a 4500
005 - DATE AND TIME OF LATEST TRANSACTION
control field 20260430135008.0
008 - FIXED-LENGTH DATA ELEMENTS--GENERAL INFORMATION
fixed length control field 260430b |||||||| |||| 00| 0 eng d
020 ## - ISBN | অাই এস বি এন
ISBN | অাই এস বি এন 978-93-80673-67-7
PRICE Rs.580.00
040 ## - CATALOGING SOURCE
Original cataloging agency Loreto College
041 ## - LANGUAGE CODE
Language code English
082 ## - DDC | ডিউই
Classification number | বর্গসংখ্যা 512
Book Number | গ্রন্থাঙ্ক CHA
100 ## - MAIN ENTRY--PERSONAL NAME | মুখ্য সংলেখ - ব্যাক্তিনাম
Personal name | ব্যাক্তিনাম Chakravorty,J.G.
245 ## - TITLE STATEMENT | অাখ্যা বিবরণী
Title | অাখ্যা Advanced higher algebra
Statement of responsibility | লেখকের দায়িত্বের বিবরণ J.G Chakravorty and P.R. Ghosh
250 ## - EDITION STATEMENT | সংস্করণ ক্ষেত্র
Edition statement | সংস্করণ 14th ed.
260 ## - IMPRINT | প্রকাশনা ক্ষেত্র
Place of publication | প্রকাশ স্থান Kolkata
Name of publisher | প্রকাশকের নাম U.N.Dhur & Sons
Date of publication | প্রকাশ কাল 2022
300 ## - PHYSICAL DESCRIPTION |
Page / Vol. No | পৃষ্ঠা / খন্ড সংখ্যা Various pagination;21cm.
650 ## - SUBJECT ADDED ENTRY--TOPICAL TERM | বিষয় শিরোনাম - মূল বিষয়
Topical term | মূল বিষয় Mathematics
650 ## - SUBJECT ADDED ENTRY--TOPICAL TERM | বিষয় শিরোনাম - মূল বিষয়
Topical term | মূল বিষয় Algebra
700 ## - ADDED ENTRY--PERSONAL NAME | অতিরিক্ত সংলেখ - ব্
Relator code | দায়িত্ব নির্দেশক Auth
Personal name | ব্যাক্তিনাম Ghosh,P.R
850 ## - HOLDING INSTITUTION
Holding institution LCLIB
942 ## - ADDED ENTRY ELEMENTS (KOHA)
Koha item type Books
Holdings
Withdrawn status Lost status Source of classification Damaged status Not for loan Home library Current library Date acquired Price Total Checkouts Full call number Accession No. Date last seen Price effective from Koha item type Coded location qualifier
    Dewey Decimal Classification     Loreto College Loreto College 30/04/2026 580.00   512 CHA 55039 48555 30/04/2026 30/04/2026 Books  
    Dewey Decimal Classification     Loreto College Loreto College 30/04/2026 580.00   512 CHA 55040 48556 30/04/2026 30/04/2026 Books